Statistics for emojis by picture

Click here to take the quiz!

General Stats

  • This quiz has been taken 11 times
  • The average score is 6 of 7

Answer Stats

Answer% Correct
angry
100%
love
100%
sad
100%
silly
100%
happy
89%
monkey
78%
sick
56%

Score Distribution

Percentile by Number Answered

Percent of People with Each Score

Your Score History

You have not taken this quiz